The seven wonders of the ancient world / (Record no. 112425)
[ view plain ]
| 000 -LEADER | |
|---|---|
| fixed length control field | 00605nam a2200181 a 4500 |
| 001 - CONTROL NUMBER | |
| control field | 4148 |
| 005 - DATE AND TIME OF LATEST TRANSACTION | |
| control field | 20140414131935.0 |
| 008 - FIXED-LENGTH DATA ELEMENTS--GENERAL INFORMATION | |
| fixed length control field | 090331s19uu xx 00 eng d |
| 020 ## - INTERNATIONAL STANDARD BOOK NUMBER | |
| International Standard Book Number | 1-58185-002-6 |
| 050 ## - LIBRARY OF CONGRESS CALL NUMBER | |
| Classification number | REF 722.21 |
| Item number | R27 1998 |
| 100 ## - MAIN ENTRY--PERSONAL NAME | |
| Personal name | Reichardt, Hans. |
| 245 ## - TITLE STATEMENT | |
| Title | The seven wonders of the ancient world / |
| Statement of responsibility, etc | by Hans Reichardt ; illustrated by Anne-Lies Ihme ... [et al.]. |
| 260 ## - PUBLICATION, DISTRIBUTION, ETC. (IMPRINT) | |
| Place of publication, distribution, etc | Nuremberg, Germany : |
| Name of publisher, distributor, etc | Tessloff Pub., |
| Date of publication, distribution, etc | c1998. |
| 300 ## - PHYSICAL DESCRIPTION | |
| Extent | 48 p. : col. ill. ; 28 cm. |
| 440 ## - SERIES STATEMENT/ADDED ENTRY--TITLE | |
| Title | Start me up! ; v. 3 |
| 650 ## - SUBJECT ADDED ENTRY--TOPICAL TERM | |
| Topical term or geographic name as entry element | Seven Wonders of the World |
| General subdivision | Juvenile literature. |
| Withdrawn status | Lost status | Damaged status | Home library | Current library | Shelving location | Date acquired | Source of acquisition | Total Checkouts | Full call number | Barcode | Date last seen | Price effective from | Koha item type |
|---|---|---|---|---|---|---|---|---|---|---|---|---|---|
| Munich Library | Munich Library | Reference Section | 03/31/2009 | REF 722.21 R27 1998 | M3721 | 04/14/2014 | 04/14/2014 | Books |